[Event "WCh Candidates s/f"]
[Site "Elista RUS"]
[Date "2007.05.27"]
[Round "1"]
[White "Adams, Mi"]
[Black "Shirov, A."]
[Result "1/2-1/2"]
[WhiteElo "2734"]
[BlackElo "2699"]
[PlyCount "99"]
[EventDate "2007.05.27"]
[Source "www.chesslib.no"]
[SourceDate "2004.05.04"]

1. e4 e6 2. d4 d5 3. Nd2 Nf6 4. e5 Nfd7 5. c3 c5 6. Bd3 Nc6 7. Ne2 cxd4 8. cxd4 f6 9. exf6 Nxf6 10. Nf3 Bd6 11. O-O Qc7 12. g3 O-O 13. Bf4 Bd7 14. Rc1 Ne4 15. Bxd6 Qxd6 16. Nc3 Nxc3 17. bxc3 e5 18. Nxe5 Nxe5 19. dxe5 Qxe5 20. Re1 Qf6 21. Qd2 Rad8 22. Bf1 Bc6 23. Bg2 d4 24. Bxc6 bxc6 25. cxd4 Rxd4 26. Qe3 Rfd8 27. Qb3+ R4d5 28. Rc5 Kf8 29. Rc4 Qd6 30. Rf4+ Kg8 31. Rfe4 h5 32. h4 Kh7 33. Re6 Qc5 34. Qb1+ Rf5 35. R1e2 Rdd5 36. Kg2 Qb5 37. Qe4 Rc5 38. Re7 Rc4 39. Qd3 Ra4 40. Qc3 Qd5+ 41. f3 Rd4 42. Rxa7 Re5 43. Rxe5 Qxe5 44. Qc2+ Kg8 45. Ra8+ Kf7 46. Ra7+ Kg8 47. Qb3+ Kh7 48. Qb1+ Kh6 49. Qc1+ Kh7 50. Qc2+ 1/2-1/2

[Event "RUS"]
[Site "?"]
[Date "2006.04.21"]
[Round "2"]
[White "Rublevsky Sergei"]
[Black "Asrian Karen"]
[Result "1/2-1/2"]
[WhiteElo "2687"]
[BlackElo "2646"]
[PlyCount "118"]
[EventDate "2006.??.??"]
[Source "www.chesslib.no"]
[SourceDate "2004.05.04"]

1. e4 e6 2. d4 d5 3. Nd2 Nf6 4. Bd3 c5 5. e5 Nfd7 6. c3 Nc6 7. Ne2 cxd4 8. cxd4 f6 9. Nf4 Nxd4 10. Qh5+ Ke7 11. exf6+ Nxf6 12. Ng6+ hxg6 13. Qxh8 Kf7 14. Qh4 e5 15. Nf3 Nxf3+ 16. gxf3 Bf5 17. Bxf5 gxf5 18. Bg5 Qa5+ 19. Kf1 Bc5 20. Kg2 Qb5 21. Rac1 b6 22. b3 Re8 23. Rhg1 Re6 24. Bxf6 Rxf6 25. Kh1 Qd7 26. Rg5 Bf8 27. Qg3 f4 28. Qg2 Qd6 29. Qg4 g6 30. Qc8 d4 31. Rc7+ Be7 32. Rg4 Qd5 33. Kg2 e4 34. Qh8 exf3+ 35. Kh1 Qh5 36. Qxh5 gxh5 37. Rg1 Re6 38. Rd7 Re2 39. Rxd4 Rxf2 40. Rxf4+ Ke6 41. Re4+ Kf7 42. Rf4+ Ke6 43. Re4+ Kf7 44. Rd1 Bd6 45. Kg1 Rg2+ 46. Kf1 Bxh2 47. Rd3 Rxa2 48. Rxf3+ Kg6 49. Re8 h4 50. Rg8+ Kh7 51. Rg4 Bg3 52. Ra4 Rxa4 53. bxa4 Kg6 54. Kg2 Bd6 55. Kh3 Kg5 56. Rd3 Bb4 57. Rd5+ Kf6 58. Rd7 a6 59. Kxh4 b5 1/2-1/2

[Event "World Cup"]
[Site "Khanty-Mansiysk RUS"]
[Date "2007.11.28"]
[Round "2.2"]
[White "Rublevsky, S."]
[Black "Navara, D."]
[Result "1/2-1/2"]
[WhiteElo "2676"]
[BlackElo "2656"]
[PlyCount "101"]
[EventDate "2007.11.24"]
[Source "www.chesslib.no"]
[SourceDate "2004.05.04"]

1. e4 e6 2. d4 d5 3. Nd2 Nf6 4. Bd3 c5 5. e5 Nfd7 6. c3 Nc6 7. Ne2 cxd4 8. cxd4 f6 9. exf6 Nxf6 10. O-O Bd6 11. Nf3 Qc7 12. Bg5 O-O 13. Rc1 Bd7 14. Ng3 h6 15. Bd2 Qb6 16. Bc3 Bf4 17. Rc2 Nb4 18. Bxb4 Qxb4 19. Ne5 Ba4 20. b3 Be8 21. Ng6 Bxg6 22. Bxg6 a5 23. Nh5 Bg5 24. g3 Nxh5 25. Bxh5 a4 26. bxa4 Rxa4 27. Bg4 Qb6 28. Rb2 Qxb2 29. Bxe6+ Kh8 30. Qxa4 Bf6 31. Qb3 Qxb3 32. axb3 Rd8 33. Rc1 Bxd4 34. Rd1 Bc5 35. Bxd5 g5 36. Kg2 Kg7 37. Rd3 g4 38. f4 gxf3+ 39. Kxf3 Kf6 40. Ke4 Re8+ 41. Kf4 Rd8 42. Rd1 b6 43. Ke4 Re8+ 44. Kd3 Re3+ 45. Kc4 Re2 46. b4 Be7 47. h4 Re3 48. g4 Kg6 49. Kb5 Bxh4 50. Kxb6 Kg5 51. b5 1/2-1/2

[Event "Mind Sports Games - Rapid Team KO"]
[Site "Pechino CINA"]
[Date "2008.10.17"]
[Round "2.2"]
[White "Kryvoruchko, Y."]
[Black "Wang Hao"]
[Result "1/2-1/2"]
[WhiteElo "2627"]
[BlackElo "2696"]
[PlyCount "106"]
[EventDate "2008.10.14"]
[Source "www.chesslib.no"]
[SourceDate "2004.05.04"]

1. e4 e6 2. d4 d5 3. Nd2 Nf6 4. e5 Nfd7 5. Bd3 c5 6. c3 Nc6 7. Ne2 cxd4 8. cxd4 f6 9. exf6 Nxf6 10. O-O Bd6 11. Nf3 O-O 12. Bf4 Bxf4 13. Nxf4 Ne4 14. Ne2 Rxf3 15. gxf3 Ng5 16. f4 Nh3+ 17. Kh1 Qh4 18. Qd2 Nxf2+ 19. Kg2 Nxd3 20. Qxd3 Bd7 21. h3 Rf8 22. Kh2 Qf6 23. Rad1 Be8 24. Rd2 Bg6 25. Qe3 h6 26. Ng3 Kh7 27. Rff2 a6 28. Kg2 Rf7 29. Rd1 Rf8 30. Re2 Re8 31. Kh2 Re7 32. Rdd2 Re8 33. Re1 Re7 34. Ree2 Re8 35. Rd1 Re7 36. a3 Kh8 37. b4 Kh7 38. Kg2 Re8 39. Qd2 Rf8 40. Rf2 Qh4 41. a4 Bf5 42. Nxf5 Rxf5 43. b5 axb5 44. axb5 Ne7 45. Qd3 Ng6 46. Rdf1 Kh8 47. Qe3 Qf6 48. Kh2 Kh7 49. Rf3 Kh8 50. R3f2 Kh7 51. Qd2 Nh4 52. Qd3 Ng6 53. Qe3 Qf7 1/2-1/2

[Event "VII Gibtelecom Masters"]
[Site "Caleta ING"]
[Date "2009.02.04"]
[Round "9"]
[White "Vachier Lagrave, M."]
[Black "Ganguly, S."]
[Result "1/2-1/2"]
[WhiteElo "2696"]
[BlackElo "2614"]
[PlyCount "62"]
[EventDate "2009.01.27"]
[Source "www.chesslib.no"]
[SourceDate "2004.05.04"]

1. e4 e6 2. d4 d5 3. Nd2 Nf6 4. e5 Nfd7 5. Bd3 c5 6. c3 Nc6 7. Ne2 cxd4 8. cxd4 f6 9. exf6 Nxf6 10. O-O Bd6 11. Nf3 Qc7 12. Bg5 O-O 13. Bh4 Nh5 14. Qc2 h6 15. Bh7+ Kh8 16. Bg6 Rxf3 17. Bxh5 Rf8 18. Bg3 Bd7 19. Rac1 Rf6 20. Qd2 Raf8 21. Rc3 Be8 22. Bxe8 Rxe8 23. b4 Qb8 24. a3 Ref8 25. Qe3 a6 26. Rcc1 Re8 27. Rfe1 Ref8 28. Rf1 Re8 29. Rce1 Rff8 30. Bxd6 Qxd6 31. f4 a5 1/2-1/2

[Event "Ordix Open"]
[Site "?"]
[Date "1999.07.04"]
[Round "9"]
[White "Svidler Peter"]
[Black "Volkov Sergey"]
[Result "1/2-1/2"]
[WhiteElo "2713"]
[BlackElo "2587"]
[PlyCount "88"]
[EventDate "1999.??.??"]
[Source "www.chesslib.no"]
[SourceDate "2004.05.04"]

1. e4 e6 2. d4 d5 3. Nd2 Nf6 4. e5 Nfd7 5. c3 c5 6. Bd3 Nc6 7. Ne2 cxd4 8. cxd4 f6 9. exf6 Nxf6 10. O-O Bd6 11. Nf3 O-O 12. Bf4 Bxf4 13. Nxf4 Ne4 14. g3 Ng5 15. Ne5 Nxe5 16. dxe5 Rxf4 17. gxf4 Nh3+ 18. Kh1 Nxf4 19. Rg1 Bd7 20. Rg4 Qf8 21. Qf3 Nxd3 22. Qxd3 Bc6 23. Kg1 Qf7 24. Qd4 Rf8 25. Rc1 Qf5 26. h4 h6 27. Rc3 Rf7 28. Rcg3 Bb5 29. Qe3 Kh7 30. a4 Ba6 31. Kg2 b6 32. Qf3 Bf1+ 33. Kxf1 Qxf3 34. Rxg7+ Rxg7 35. Rxf3 Rg4 36. Rf7+ Kg6 37. Rf6+ Kh5 38. Rxe6 Rxa4 39. Rf6 Re4 40. e6 d4 41. f3 Re3 42. Kf2 Kxh4 43. Rxh6+ Kg5 44. Rh7 Rxe6 1/2-1/2

[Event "RUS-ch51"]
[Site "St Petersburg"]
[Date "1998.07.31"]
[Round "4"]
[White "Rublevsky, Sergei"]
[Black "Volkov, Sergey"]
[Result "1-0"]
[WhiteElo "2685"]
[BlackElo "2605"]
[PlyCount "141"]
[EventDate "1998.07.28"]
[Source "ChessBase"]
[SourceDate "1998.11.30"]

1. e4 e6 2. d4 d5 3. Nd2 Nf6 4. Bd3 c5 5. e5 Nfd7 6. c3 Nc6 7. Ne2 cxd4 8. cxd4 f6 9. exf6 Nxf6 10. O-O Bd6 11. Nf3 O-O 12. Bf4 Bxf4 13. Nxf4 Ne4 14. Nh5 g6 15. Ng3 Nxg3 16. hxg3 Qb6 17. Qa4 a6 18. Rab1 Bd7 19. Be2 e5 20. dxe5 Nxe5 21. Qa3 Rae8 22. Rbd1 Ng4 23. Rd2 Nf6 24. Nd4 Bg4 25. Bf3 Bxf3 26. gxf3 Nd7 27. Rc1 Ne5 28. Qc3 g5 29. Kg2 Nc4 30. Rdc2 Qf6 31. b3 Nd6 32. Rd1 Re5 33. Qd3 Nf5 34. Rc7 Re7 35. Rxe7 Nxe7 36. Re1 Nc6 37. Ne6 Nb4 38. Qd2 Re8 39. Nxg5 Rxe1 40. Qxe1 Qxg5 41. Qxb4 Qd8 42. Qxb7 d4 43. f4 d3 44. f5 d2 45. f6 Qxf6 46. Qd5+ Kg7 47. Qxd2 Qc6+ 48. Kh2 h6 49. b4 Qa4 50. Qd4+ Kh7 51. Qa7+ Kg8 52. Qb8+ Kh7 53. Qc7+ Kh8 54. Qc3+ Kh7 55. Qb3 Qb5 56. Qf7+ Kh8 57. Qf8+ Kh7 58. Qf7+ Kh8 59. Qg6 h5 60. a3 Qe2 61. Qf6+ Kh7 62. a4 Qd3 63. Qe7+ Kg8 64. Qe8+ Kg7 65. Qxh5 Qc2 66. Qg4+ Kh7 67. Qd7+ Kg8 68. Qe8+ Kg7 69. Kg2 Qc4 70. Qe7+ Kg8 71. Qg5+ 1-0

[Event "Mind Sports Games - Blitz Ind"]
[Site "Pechino CINA"]
[Date "2008.10.04"]
[Round "2"]
[White "Ni Hua"]
[Black "Nguyen Ngoc Truong Son"]
[Result "1-0"]
[WhiteElo "2710"]
[BlackElo "2567"]
[PlyCount "103"]
[EventDate "2008.10.04"]
[Source "www.chesslib.no"]
[SourceDate "2004.05.04"]

1. e4 e6 2. d4 d5 3. Nd2 Nf6 4. e5 Nfd7 5. Bd3 c5 6. c3 Nc6 7. Ne2 cxd4 8. cxd4 f6 9. Nf4 Nxd4 10. Qh5+ Ke7 11. exf6+ Nxf6 12. Ng6+ hxg6 13. Qxh8 Kf7 14. O-O e5 15. Nb3 Nc6 16. Bg5 Nb4 17. Be2 Bf5 18. a3 Nc6 19. Rad1 Be7 20. Qxd8 Rxd8 21. Rc1 Bf8 22. Rfd1 Rd7 23. f3 Nh7 24. Be3 d4 25. Bf2 Nf6 26. Bb5 Be6 27. Nd2 Bd5 28. Nc4 Re7 29. Bg3 e4 30. Nd6+ Kg8 31. fxe4 Nxe4 32. Nxe4 Rxe4 33. Re1 Rxe1+ 34. Rxe1 a6 35. Bxc6 bxc6 36. b4 Kf7 37. Bf2 d3 38. Rd1 Be4 39. Bc5 Bxc5+ 40. bxc5 Ke6 41. Kf2 Kd5 42. Ke3 Bxg2 43. Rg1 Be4 44. Rc1 g5 45. Rg1 Kc4 46. Kd2 Kxc5 47. Rxg5+ Kd4 48. Rxg7 c5 49. Rd7+ Bd5 50. Rxd5+ Kxd5 51. Kxd3 Ke5 52. Kc4 1-0

[Event "IV Campionato UE"]
[Site "Liverpool ING"]
[Date "2008.09.15"]
[Round "7"]
[White "Vachier Lagrave, M."]
[Black "Berg, E."]
[Result "1/2-1/2"]
[WhiteElo "2681"]
[BlackElo "2592"]
[PlyCount "83"]
[EventDate "2008.09.09"]
[Source "www.chesslib.no"]
[SourceDate "2004.05.04"]

1. e4 e6 2. d4 d5 3. Nd2 Nf6 4. e5 Nfd7 5. Bd3 c5 6. c3 Nc6 7. Ne2 cxd4 8. cxd4 f6 9. exf6 Nxf6 10. O-O Bd6 11. Nf3 Qc7 12. g3 O-O 13. Bf4 Ng4 14. Bxd6 Qxd6 15. Nc3 e5 16. dxe5 Qh6 17. h4 Ngxe5 18. Ng5 d4 19. Nd5 Bg4 20. f3 Nxd3 21. Qxd3 Bf5 22. Qb3 Kh8 23. Qxb7 Qd6 24. Nf4 Ne5 25. Rae1 Rab8 26. Qd5 Qxd5 27. Nxd5 Nd3 28. Re7 h6 29. Nf7+ Rxf7 30. Rxf7 Be6 31. Rf4 Nxf4 32. Nxf4 Bxa2 33. Rf2 Bb1 34. Rd2 d3 35. Kf2 a5 36. Ke3 Re8+ 37. Kf2 Rb8 38. Ng6+ Kh7 39. Ne5 a4 40. Ke3 Rb3 41. Kd4 Bc2 42. Nxd3 1/2-1/2

[Event "IX Camp. europeo T/B Medals"]
[Site "Plovdiv BUL"]
[Date "2008.05.03"]
[Round "3.1"]
[White "Vachier Lagrave, M."]
[Black "Volkov, Sergey1"]
[Result "1/2-1/2"]
[WhiteElo "2632"]
[BlackElo "2633"]
[PlyCount "79"]
[EventDate "2008.05.03"]
[Source "www.chesslib.no"]
[SourceDate "2004.05.04"]

1. e4 e6 2. d4 d5 3. Nd2 Nf6 4. e5 Nfd7 5. Bd3 c5 6. c3 Nc6 7. Ne2 cxd4 8. cxd4 f6 9. exf6 Nxf6 10. O-O Bd6 11. Nf3 O-O 12. Bf4 Bxf4 13. Nxf4 Ne4 14. Qc1 Ng5 15. Nxg5 Qxg5 16. Bxh7+ Kxh7 17. Nxe6 Qf6 18. Nxf8+ Qxf8 19. Qg5 Qf5 20. Qh4+ Kg8 21. Rfe1 Bd7 22. f3 Rf8 23. Rad1 Rf6 24. Qf2 Rg6 25. Re2 a6 26. Qe3 Qf6 27. Qb3 Rg5 28. h4 Rh5 29. Qxb7 Qd6 30. Qa8+ Kf7 31. Qxa6 Rxh4 32. Kf2 Rh6 33. Qa3 Qh2 34. Qe3 Rg6 35. Ke1 Qh4+ 36. Qf2 Qd8 37. Qe3 Qh4+ 38. Qf2 Qd8 39. Qe3 Qh4+ 40. Qf2 1/2-1/2

[Event "Hrvatska"]
[Site "?"]
[Date "2000.??.??"]
[Round "?"]
[White "Almasi, Z."]
[Black "Ulibin, M."]
[Result "1/2-1/2"]
[WhiteElo "2665"]
[BlackElo "2580"]
[PlyCount "76"]
[EventDate "2000.??.??"]
[Source "Chess Informant"]
[SourceDate "2000.06.01"]

1. e4 e6 2. d4 d5 3. Nd2 Nf6 4. e5 Nfd7 5. Bd3 c5 6. c3 Nc6 7. Ne2 cxd4 8. cxd4 f6 9. exf6 Nxf6 10. Nf3 Bd6 11. O-O O-O 12. Bf4 Bxf4 13. Nxf4 Ne4 14. g3 Ng5 15. Ne5 Nxe5 16. dxe5 Rxf4 17. gxf4 Nh3+ 18. Kh1 Nxf4 19. Rg1 Qf8 20. Rc1 Bd7 21. Rc7 Rd8 22. Rxb7 g6 23. Qf3 Qh6 24. Bf1 d4 25. Rg4 Nd5 26. Rxd4 Bc6 27. Rf7 Qc1 28. Kg1 Bb5 29. Rd1 Qg5+ 30. Kh1 Bc6 31. Rc7 Nxc7 32. Rxd8+ Qxd8 33. Qxc6 Qd1 34. Qc4 Nd5 35. Kg1 Kf7 36. b3 a5 37. h3 Qd2 38. a3 Qg5+ 1/2-1/2

[Event "DD"]
[Site "?"]
[Date "1986.??.??"]
[Round "?"]
[White "Tal, Mikhail N"]
[Black "Timman, Jan H"]
[Result "1-0"]
[WhiteElo "2600"]
[BlackElo "2645"]
[PlyCount "95"]
[EventDate "1986.??.??"]
[Source "www.chesslib.no"]
[SourceDate "2004.05.04"]

1. e4 e6 2. d4 d5 3. Nd2 Nf6 4. e5 Nfd7 5. c3 c5 6. Bd3 Nc6 7. Ne2 cxd4 8. cxd4 f6 9. exf6 Nxf6 10. Nf3 Bd6 11. Bf4 Bxf4 12. Nxf4 Qa5+ 13. Qd2 Qxd2+ 14. Kxd2 O-O 15. Rhe1 Ne4+ 16. Bxe4 Rxf4 17. Bd3 Nxd4 18. Ke3 Nxf3 19. Kxf4 Nxe1 20. Rxe1 Bd7 21. Ke5 a6 22. Kd6 Bb5 23. Bxb5 axb5 24. Rxe6 d4 25. Re2 d3 26. Rd2 Rc8 27. b4 Rc2 28. Rxd3 Rxa2 29. Rf3 Rc2 30. Rf5 b6 31. h4 Rc4 32. Rxb5 Rxh4 33. g3 Rd4+ 34. Kc7 Kf7 35. Kxb6 Kf6 36. f4 h6 37. Ka5 Rd3 38. g4 Ra3+ 39. Kb6 Rf3 40. Rf5+ Ke6 41. b5 g6 42. Rc5 Rxf4 43. Rc6+ Kf7 44. Kc7 Rxg4 45. b6 Rb4 46. b7 Rxb7+ 47. Kxb7 h5 48. Kb6 1-0

[Event "Masters"]
[Site "Singapore SIN"]
[Date "2006.12.28"]
[Round "5"]
[White "Ni Hua"]
[Black "Wang Hao"]
[Result "0-1"]
[WhiteElo "2621"]
[BlackElo "2622"]
[PlyCount "86"]
[EventDate "2006.12.26"]
[Source "www.chesslib.no"]
[SourceDate "2004.05.04"]

1. e4 e6 2. d4 d5 3. Nd2 Nf6 4. e5 Nfd7 5. Bd3 c5 6. c3 Nc6 7. Ne2 cxd4 8. cxd4 f6 9. Nf4 Nxd4 10. Qh5+ Ke7 11. exf6+ Nxf6 12. Ng6+ hxg6 13. Qxh8 Kf7 14. Qh4 e5 15. Nf3 Nxf3+ 16. gxf3 Bf5 17. Bxf5 gxf5 18. Bg5 Qa5+ 19. Kf1 g6 20. Bxf6 Qa6+ 21. Kg2 Qxf6 22. Qa4 Qc6 23. Qb3 Bh6 24. Rad1 Rd8 25. Rd3 Kf6 26. Rc3 Qd7 27. Qc2 d4 28. Rc7 Qd5 29. Rd1 Bf4 30. Rc8 Rxc8 31. Qxc8 Kg7 32. Qc7+ Kh6 33. Qb8 Kg7 34. Qxa7 d3 35. Qb8 d2 36. Qc7+ Kh6 37. b3 b5 38. Qc3 g5 39. h3 g4 40. hxg4 fxg4 41. a4 b4 42. Qc2 gxf3+ 43. Kh3 e4 0-1

[Event "Jugoslavija"]
[Site "?"]
[Date "1999.??.??"]
[Round "?"]
[White "Rublevsky, S."]
[Black "Komarov, D."]
[Result "1-0"]
[WhiteElo "2660"]
[BlackElo "2580"]
[PlyCount "73"]
[EventDate "1999.??.??"]
[Source "Chess Informant"]
[SourceDate "1999.10.01"]

1. e4 e6 2. d4 d5 3. Nd2 Nf6 4. Bd3 c5 5. e5 Nfd7 6. c3 Nc6 7. Ne2 cxd4 8. cxd4 f6 9. exf6 Nxf6 10. O-O Bd6 11. Nf3 O-O 12. Bf4 Bxf4 13. Nxf4 Ne4 14. g3 Qf6 15. h4 h6 16. Bxe4 dxe4 17. Ne5 Rd8 18. Nxc6 bxc6 19. Qa4 g5 20. Ng2 Rb8 21. b3 Rxd4 22. Qxa7 Rb7 23. Qa8 Rd8 24. Rac1 Rg7 25. h5 Bb7 26. Qa5 Ra8 27. Qd2 Qf3 28. Qd6 Rxa2 29. Qxe6+ Qf7 30. Qxh6 c5 31. Rcd1 Qe8 32. Rd6 e3 33. Rg6 exf2+ 34. Rxf2 Ra1+ 35. Kh2 Qe7 36. Rxg7+ Qxg7 37. Qe6+ 1-0

[Event "Russia (ch) 73/317"]
[Site "?"]
[Date "1998.??.??"]
[Round "?"]
[White "Rublevsky, Sergei"]
[Black "Ulibin, Mikhail"]
[Result "1/2-1/2"]
[WhiteElo "2685"]
[BlackElo "2555"]
[PlyCount "85"]
[EventDate "1998.??.??"]
[Source "ChessBase"]
[SourceDate "1998.06.01"]

1. e4 e6 2. d4 d5 3. Nd2 Nf6 4. Bd3 c5 5. e5 Nfd7 6. c3 Nc6 7. Ne2 cxd4 8. cxd4 f6 9. exf6 Nxf6 10. O-O Bd6 11. Nf3 O-O 12. Bf4 Bxf4 13. Nxf4 Ne4 14. Nh5 g6 15. Ng3 Nxg3 16. hxg3 Qb6 17. Qa4 a6 18. Rab1 Bd7 19. Be2 e5 20. dxe5 Nxe5 21. Qa3 Rae8 22. Rbd1 Ng4 23. Nd4 Rxe2 24. Nxe2 Bb5 25. Qb3 Rxf2 26. Qxd5+ Kg7 27. Qd4+ Qxd4 28. Rxd4 Rxe2 29. Rxg4 Rxb2 30. Rf2 Rb1+ 31. Kh2 Re1 32. Rgf4 Re7 33. g4 g5 34. Rf5 h6 35. Rf6 Bc6 36. a3 Rd7 37. Rf8 Re7 38. R8f6 Rd7 39. Re6 Rd4 40. Re7+ Kg6 41. Re6+ Kg7 42. Rff6 Rxg4 43. Rg6+ 1/2-1/2

[Event "Deutschland"]
[Site "?"]
[Date "1999.10.09"]
[Round "1.1"]
[White "Onischuk Alexander"]
[Black "Agdestein Simen"]
[Result "1/2-1/2"]
[WhiteElo "2657"]
[BlackElo "2580"]
[PlyCount "129"]
[EventDate "1999.??.??"]
[Source "www.chesslib.no"]
[SourceDate "2004.05.04"]

1. e4 e6 2. d4 d5 3. Nd2 Nf6 4. e5 Nfd7 5. Bd3 c5 6. c3 Nc6 7. Ne2 cxd4 8. cxd4 f6 9. exf6 Qxf6 10. Nf3 h6 11. O-O Bd6 12. Bb1 O-O 13. Qd3 Rd8 14. Ng3 Nf8 15. Bd2 Bd7 16. Re1 Be8 17. Qe3 Bg6 18. Bxg6 Qxg6 19. Ne2 Rd7 20. b4 Qf6 21. b5 Ne7 22. Qb3 Nf5 23. Bb4 Bc7 24. Rad1 Ng6 25. Ng3 Nfh4 26. Nxh4 Nxh4 27. Qe3 Rf7 28. Re2 Ng6 29. Rc2 a6 30. bxa6 Rxa6 31. Ne2 e5 32. Rdc1 exd4 33. Nxd4 Bf4 34. Qe8+ Kh7 35. Rd1 Be5 36. Nf3 Re6 37. Qb5 Nf4 38. Nxe5 Rxe5 39. f3 d4 40. Qc4 d3 41. Rxd3 Nxd3 42. Qxd3+ Qg6 43. Qxg6+ Kxg6 44. Kf2 Re6 45. a3 Rc6 46. Rxc6+ bxc6 47. Ke3 Rd7 48. g4 Rd1 49. h4 h5 50. Ke4 Rh1 51. gxh5+ Kxh5 52. Kd4 Kxh4 53. Kc5 Rc1+ 54. Kb6 Kg3 55. a4 Rb1 56. Kc5 Kxf3 57. a5 Rc1+ 58. Kb6 Rb1 59. Kc5 g5 60. a6 Ra1 61. Kb6 g4 62. a7 g3 63. Bc5 g2 64. Kxc6 Ra5 65. Kb6 1/2-1/2

[Event "Camp. spagnolo a squadre - Gruppo II"]
[Site "Sabadell SPA"]
[Date "2008.09.06"]
[Round "4"]
[White "Ni Hua"]
[Black "Rodriguez Vila, A."]
[Result "1-0"]
[WhiteElo "2705"]
[BlackElo "2531"]
[PlyCount "65"]
[EventDate "2008.09.03"]
[Source "www.chesslib.no"]
[SourceDate "2004.05.04"]

1. e4 e6 2. d4 d5 3. Nd2 Nf6 4. e5 Nfd7 5. Bd3 c5 6. c3 Nc6 7. Ne2 cxd4 8. cxd4 f6 9. Nf4 Nxd4 10. Qh5+ Ke7 11. exf6+ Nxf6 12. Ng6+ hxg6 13. Qxh8 Kf7 14. O-O e5 15. Nb3 Nf5 16. Bg5 Qb6 17. Rac1 e4 18. Be2 Be6 19. g4 Nh6 20. Be3 Qd6 21. f3 exf3 22. Bxf3 Rd8 23. Bxh6 gxh6 24. Bxd5 Bxd5 25. Rc7+ Be7 26. Rxf6+ Qxf6 27. Qxd8 Bc4 28. Nd2 Bxa2 29. Ne4 Qb6+ 30. Kh1 Qe6 31. Nd6+ Kf6 32. g5+ Kxg5 33. Qxe7+ 1-0

[Event "TCh-ROU Superliga"]
[Site "Predeal ROU"]
[Date "2007.10.19"]
[Round "7"]
[White "Vajda, L."]
[Black "Nisipeanu, LD."]
[Result "0-1"]
[WhiteElo "2564"]
[BlackElo "2668"]
[PlyCount "144"]
[EventDate "2007.10.13"]
[Source "www.chesslib.no"]
[SourceDate "2004.05.04"]

1. e4 e6 2. d4 d5 3. Nd2 Nf6 4. e5 Nfd7 5. Bd3 c5 6. c3 Nc6 7. Ne2 cxd4 8. cxd4 f6 9. exf6 Nxf6 10. O-O Bd6 11. Nf3 Qc7 12. Bg5 O-O 13. Rc1 Bd7 14. a3 Be8 15. b4 Ne4 16. Bh4 Bh5 17. Ne5 Bxe2 18. Qxe2 Nxd4 19. Qe1 Qb8 20. Ng4 h5 21. Bxe4 dxe4 22. Nf6+ gxf6 23. Qxe4 Rf7 24. Qxd4 Bxh2+ 25. Kh1 Qf4 26. Rfd1 Qxd4 27. Rxd4 Be5 28. Re4 Re8 29. Rc5 b6 30. Rc6 Kg7 31. f4 Bb8 32. f5 Rc7 33. Rxc7+ Bxc7 34. fxe6 Be5 35. g4 hxg4 36. Rxg4+ Kh6 37. b5 Rxe6 38. Kg2 Rd6 39. Bf2 Kh5 40. Ra4 Rd7 41. Kf3 Kg6 42. Ke4 Re7 43. Kf3 Kf5 44. Rh4 Rc7 45. Be1 Bd6 46. a4 Rc1 47. Bd2 Ra1 48. Rc4 Ra2 49. Ke3 Ke6 50. Kd3 Ra3+ 51. Kc2 Kd5 52. Rh4 f5 53. Bc1 Ra2+ 54. Kd3 Bc5 55. Rh5 Ke5 56. Rh4 Kd5 57. Rh5 Rf2 58. Rh7 Rf3+ 59. Ke2 Rf2+ 60. Kd3 Rf3+ 61. Ke2 Ke4 62. Bd2 Rf2+ 63. Ke1 f4 64. Rf7 f3 65. Rf4+ Kd3 66. Bc1 Re2+ 67. Kf1 Rf2+ 68. Ke1 Kc2 69. Rc4+ Kb3 70. Rf4 Kc2 71. Rc4+ Kb1 72. Bf4 Rg2 0-1

[Event "Budapest HUN"]
[Site "?"]
[Date "1973.02.??"]
[Round "2"]
[White "Karpov Anatoly"]
[Black "Hort Vlastimil"]
[Result "1-0"]
[WhiteElo "2630"]
[BlackElo "2600"]
[PlyCount "95"]
[EventDate "1973.??.??"]
[Source "www.chesslib.no"]
[SourceDate "2004.05.04"]

1. e4 e6 2. d4 d5 3. Nd2 Nf6 4. e5 Nfd7 5. c3 c5 6. Bd3 Nc6 7. Ne2 Qb6 8. Nf3 cxd4 9. cxd4 f6 10. exf6 Nxf6 11. O-O Bd6 12. Nc3 O-O 13. Be3 Qd8 14. Bg5 Bd7 15. Re1 Qb8 16. Bh4 a6 17. Rc1 b5 18. Bb1 Bf4 19. Bg3 Bxg3 20. hxg3 Qb6 21. Ne2 Rae8 22. Nf4 Nxd4 23. Qxd4 Qxd4 24. Nxd4 e5 25. Nfe6 Bxe6 26. Rxe5 Bd7 27. Rxe8 Rxe8 28. f3 Rc8 29. Rxc8+ Bxc8 30. Kf2 Kf7 31. Ke3 Ke7 32. b4 g6 33. g4 Nd7 34. f4 Nf8 35. g5 Kd6 36. Kf3 Ne6 37. Nxe6 Bxe6 38. Ke3 Bg4 39. Bd3 Be6 40. Kd4 Bg4 41. Bc2 Be6 42. Bb3 Bf7 43. Bd1 Be6 44. Bf3 Bf7 45. Bg4 Be6 46. Bxe6 Kxe6 47. g4 Kd6 48. f5 1-0

[Event "56th ch-RUS"]
[Site "Krasnoyarsk"]
[Date "2003.09.06"]
[Round "4"]
[White "Rublevsky, Sergei"]
[Black "Ulibin, Mikhail"]
[Result "0-1"]
[WhiteElo "2672"]
[BlackElo "2558"]
[PlyCount "119"]
[EventDate "2003.09.03"]
[Source "Roberto Alvarez"]
[SourceDate "2003.09.15"]

1. e4 e6 2. d4 d5 3. Nd2 Nf6 4. Bd3 c5 5. e5 Nfd7 6. c3 Nc6 7. Ne2 cxd4 8. cxd4 f6 9. exf6 Nxf6 10. O-O Bd6 11. Nf3 O-O 12. Bf4 Bxf4 13. Nxf4 Ne4 14. g3 g5 15. Nh5 Bd7 16. Ne5 Be8 17. Qg4 Kh8 18. Rad1 Nxe5 19. dxe5 Nc5 20. Bb1 Bxh5 21. Qxh5 Qe7 22. Rd4 Nd7 23. Re1 Rf7 24. Rg4 Rg8 25. Re2 a6 26. Kg2 Rgg7 27. Qh6 Rg8 28. h4 gxh4 29. Rxh4 Nf8 30. Re3 Rgg7 31. Rc3 Qd8 32. Qh5 Kg8 33. Rg4 Qb6 34. Rxg7+ Kxg7 35. Qe2 Ng6 36. Rc8 Rf8 37. Rc3 Rf7 38. Bxg6 hxg6 39. Rc8 Qb4 40. Re8 Re7 41. Rd8 Qa5 42. Rc8 Qa4 43. Qe3 Rf7 44. a3 Qd7 45. Rc2 Qd8 46. Rd2 Rf5 47. Rd1 Qg5 48. Qxg5 Rxg5 49. f4 Rf5 50. Rc1 g5 51. Kf3 gxf4 52. gxf4 Rf7 53. Ke3 Kg8 54. Rc8+ Rf8 55. Rc3 Kg7 56. Rb3 Rf7 57. Rb6 Re7 58. f5 exf5 59. Kf4 Kf8 60. Kxf5 0-1

[Event "Chess Congress - Magistrale"]
[Site "Hastings ING"]
[Date "2009.01.04"]
[Round "8"]
[White "Kurnosov, I."]
[Black "Berg, E."]
[Result "1/2-1/2"]
[WhiteElo "2606"]
[BlackElo "2623"]
[PlyCount "90"]
[EventDate "2008.12.28"]
[Source "www.chesslib.no"]
[SourceDate "2004.05.04"]

1. e4 e6 2. d4 d5 3. Nd2 Nf6 4. e5 Nfd7 5. c3 c5 6. Bd3 Nc6 7. Ne2 cxd4 8. cxd4 f6 9. exf6 Nxf6 10. Nf3 Bd6 11. O-O Qc7 12. Bg5 O-O 13. Bh4 Nh5 14. Qc2 h6 15. Bh7+ Kh8 16. Bg6 Rxf3 17. Bxh5 Rf8 18. Bg3 Bd7 19. Rac1 Rf6 20. Qd2 Raf8 21. Rc3 Be8 22. Bxe8 Rxe8 23. a3 Ref8 24. Re3 a6 25. Nc1 Bxg3 26. hxg3 e5 27. dxe5 Nxe5 28. Qc3 Qxc3 29. Rxc3 d4 30. Rc5 Rf5 31. Nb3 Nd3 32. Rc2 Rb5 33. Nxd4 Rxb2 34. Rxb2 Nxb2 35. Rb1 Rd8 36. Rxb2 Rxd4 37. Rxb7 Rd3 38. a4 Rd4 39. a5 Ra4 40. Ra7 Rxa5 41. f4 h5 42. Kh2 Ra1 43. g4 hxg4 44. Kg3 Ra2 45. Kh4 Rxg2 1/2-1/2

[Event "World Cup"]
[Site "Khanty-Mansiysk RUS"]
[Date "2007.11.25"]
[Round "1.2"]
[White "Tiviakov, S."]
[Black "Ganguly, S."]
[Result "1/2-1/2"]
[WhiteElo "2643"]
[BlackElo "2585"]
[PlyCount "82"]
[EventDate "2007.11.24"]
[Source "www.chesslib.no"]
[SourceDate "2004.05.04"]

1. e4 e6 2. d4 d5 3. Nd2 Nf6 4. e5 Nfd7 5. c3 c5 6. Bd3 Nc6 7. Ne2 cxd4 8. cxd4 f6 9. exf6 Nxf6 10. O-O Bd6 11. Nf3 Qc7 12. Bg5 O-O 13. Rc1 Bd7 14. Re1 Rac8 15. a3 Kh8 16. Qd2 Qb6 17. Bh4 a5 18. Bg3 Bxg3 19. hxg3 Ng4 20. Nf4 Nxd4 21. Rxc8 Rxc8 22. Ng5 g6 23. Nxh7 Kxh7 24. Nxg6 Nf5 25. Ne7 Rd8 26. Qf4 Qxf2+ 27. Qxf2 Nxf2 28. Kxf2 Kg7 29. Bxf5 Kf6 30. Nxd5+ exd5 31. Bxd7 Rxd7 32. Kf3 Rc7 33. g4 Rc6 34. Re8 Rc2 35. Re2 Rc1 36. g5+ Kg6 37. Re5 Rd1 38. Kf4 Rd4+ 39. Ke3 Rd1 40. Kf4 Rd4+ 41. Ke3 Rd1 1/2-1/2

[Event "Sufe Cup"]
[Site "Shanghai"]
[Date "2000.03.05"]
[Round "3"]
[White "Ye Jiangchuan"]
[Black "Zhang Zhong"]
[Result "1/2-1/2"]
[WhiteElo "2616"]
[BlackElo "2611"]
[PlyCount "72"]
[EventDate "2000.03.03"]
[Source "ChessBase"]
[SourceDate "2000.05.31"]

1. e4 e6 2. d4 d5 3. Nd2 Nf6 4. e5 Nfd7 5. c3 c5 6. Bd3 Nc6 7. Ne2 cxd4 8. cxd4 Qb6 9. Nf3 f6 10. exf6 Nxf6 11. O-O Bd6 12. Nc3 O-O 13. Be3 Bd7 14. a3 Be8 15. Ng5 Ne7 16. h3 Bc7 17. Na4 Bxa4 18. Qxa4 Nf5 19. Rac1 Nxe3 20. fxe3 Qd6 21. Rxc7 Qxc7 22. Nxe6 Qe7 23. Nxf8 Qxe3+ 24. Kh2 Qxd3 25. Rf3 Qc4 26. Qxc4 dxc4 27. Ne6 Re8 28. Nc7 Re7 29. Nb5 a6 30. Nc3 b5 31. Rf5 Rd7 32. d5 Rb7 33. Kg3 a5 34. Kf4 b4 35. axb4 axb4 36. Ne4 c3 1/2-1/2